000 00307nam a22001457a 4500
008 230419b ||||| |||| 00| 0 eng d
020 _a9780060958701
041 _aeng
080 _a159.9
082 _a159.9HEI
100 _a25
101 _aPSI
245 _aWHY WE RUN
_cHEINRICH.B
942 _2udc
_cBK
999 _c59604
_d59604